Normal view MARC view
  • Richard, Borgnakke Claus

Entry Corporate Name

Number of records used in: 1

001 - CONTROL NUMBER

  • control field: 122591

003 - CONTROL NUMBER IDENTIFIER

  • control field: NUST

005 - DATE AND TIME OF LATEST TRANSACTION

  • control field: 20240510184609.0

008 - FIXED-LENGTH DATA ELEMENTS

  • fixed length control field: 240510|| aca||aabn | a|a d

040 ## - CATALOGING SOURCE

  • Original cataloging agency: NUST
  • Transcribing agency: NUST

110 ## - HEADING--CORPORATE NAME

  • Corporate name or jurisdiction name as entry element: Richard, Borgnakke Claus

670 ## - SOURCE DATA FOUND

  • Source citation: Work cat.: (NUST)609044: Sonntag E. 122590, Fundamentals of Thermodynamics, 2003.
© 2023 Central Library, National University of Sciences and Technology. All Rights Reserved.